[Event "Frauenbundesliga 2017-2018"]
[Site "Feffernitz, Grieskirchen, St. Veit/Glan"]
[Date "2018.01.19"]
[Round "4"]
[Board "1"]
[White "Fuchs, Judith"]
[Black "Mar, Karmen"]
[Result "1-0"]
[WhiteElo "2286"]
[BlackElo "2047"]
[PlyCount "105"]
[EventDate "2017.11.24"]
[EventType "team"]
[EventRounds "9"]
[EventCountry "AUT"]
[WhiteTeam "Mayrhofen/SK Zell/Zillertal"]
[BlackTeam "SC Extraherb WS"]

1. e4 c5 2. Nf3 d6 3. d4 cxd4 4. Nxd4 Nf6 5. Nc3 e6 6. g4 h6 7. h4 Nc6 8. Rg1
d5 9. exd5 Nxd5 10. Nxd5 Qxd5 11. Bg2 Qe5+ 12. Be3 Bd7 13. Nxc6 Bxc6 14. Bxc6+
bxc6 15. Qd4 Qxd4 16. Bxd4 c5 17. Bc3 Rd8 18. Ke2 f6 19. Ba5 Rd7 20. Rad1 Bd6
21. Rd3 Be5 22. Rgd1 Rxd3 23. Rxd3 Ke7 24. Rb3 Rb8 25. Rxb8 Bxb8 26. h5 Be5 27.
b3 f5 28. f3 fxg4 29. fxg4 Kd6 30. Kd3 Kd5 31. Be1 Bf6 32. Bg3 Bd4 33. c4+ Kc6
34. b4 Bf6 35. b5+ Kb6 36. Bd6 Bd4 37. Bb8 Kb7 38. Bg3 Kb6 39. Be1 Bf6 40. a4
Kc7 41. a5 Bd4 42. Bc3 Bf6 43. Bd2 Be5 44. Be3 Bd6 45. Ke4 Kb7 46. Bf4 Be7 47.
Ke5 a6 48. Kxe6 Bh4 49. bxa6+ Kxa6 50. Be3 Be1 51. Bxc5 Bxa5 52. Bd4 Bc7 53.
Kd7  1-0

[Event "Frauenbundesliga 2017-2018"]
[Site "Feffernitz, Grieskirchen, St. Veit/Glan"]
[Date "2018.01.19"]
[Round "4"]
[Board "2"]
[White "Landl, Margot"]
[Black "Mayrhuber, Nikola"]
[Result "0-1"]
[WhiteElo "1903"]
[BlackElo "2061"]
[PlyCount "94"]
[EventDate "2017.11.24"]
[EventType "team"]
[EventRounds "9"]
[EventCountry "AUT"]
[WhiteTeam "SC Extraherb WS"]
[BlackTeam "Mayrhofen/SK Zell/Zillertal"]

1. e4 c6 2. d4 d5 3. Nc3 dxe4 4. Nxe4 Nf6 5. Nxf6+ exf6 6. c3 Bd6 7. Bd3 O-O 8.
Qh5 g6 9. Qf3 Re8+ 10. Ne2 Nd7 11. O-O Nb6 12. Bd2 Be6 13. Ng3 f5 14. Rae1 Qh4
15. h3 Bd5 16. Nxf5 gxf5 17. Qxf5 Be6 18. Qf3 Bc4 19. Bxc4 Nxc4 20. Bc1 Bc7 21.
b3 Nd6 22. Re5 Rxe5 23. dxe5 Ne8 24. Re1 Ng7 25. Re4 Qh5 26. Rg4 Qxe5 27. Bf4
Qe1+ 28. Kh2 Bxf4+ 29. Qxf4 Re8 30. Qh6 Qxc3 31. Rh4 Qe5+ 32. f4 Qe4 33. Rg4
Qd4 34. Rh4 Qd3 35. Rg4 Qc3 36. Rh4 Qc2 37. Rg4 Qb2 38. Rh4 Qb1 39. Rg4 Qa1 40.
Rh4 Re1 41. Qxh7+ Kf8 42. Qh8+ Ke7 43. Qh7 Rh1+ 44. Kg3 Qe1+ 45. Kg4 Qe2+ 46.
Kg5 Qxg2+ 47. Kh6 Rg1  0-1

[Event "Frauenbundesliga 2017-2018"]
[Site "Feffernitz, Grieskirchen, St. Veit/Glan"]
[Date "2018.01.19"]
[Round "4"]
[Board "3"]
[White "Schloffer, Jasmin-Denise"]
[Black "Zechner, Andrea"]
[Result "1-0"]
[WhiteElo "2109"]
[BlackElo "1818"]
[PlyCount "107"]
[EventDate "2017.11.24"]
[EventType "team"]
[EventRounds "9"]
[EventCountry "AUT"]
[WhiteTeam "Mayrhofen/SK Zell/Zillertal"]
[BlackTeam "SC Extraherb WS"]

1. d4 d5 2. c4 c6 3. cxd5 cxd5 4. Nc3 Nf6 5. Bf4 Nc6 6. Nf3 a6 7. Rc1 Bf5 8.
Qa4 Qa5 9. Qb3 Qb4 10. Qxb4 Nxb4 11. a3 Nc6 12. Na4 Nd7 13. e3 e6 14. Nh4 Bg4
15. Bd3 Be7 16. Nf3 O-O 17. O-O Rfc8 18. Rc2 f6 19. h3 Bh5 20. Bh2 Bg6 21. Bxg6
hxg6 22. Rfc1 Kf7 23. b4 a5 24. Nc5 Nxc5 25. bxc5 a4 26. Rb2 Ra7 27. Rcb1 Na5
28. Rb5 Nb3 29. Rb2 Bd8 30. Bd6 Bc7 31. Bxc7 Rxc7 32. Nd2 Nc1 33. Rb6 Ke7 34.
Kf1 Nd3 35. Rb1 e5 36. Ke2 e4 37. f3 f5 38. Rxg6 Ke8 39. Re6+ Re7 40. Rbb6 Nc1+
41. Kd1 Nd3 42. Rxe7+ Kxe7 43. Rg6 Kf7 44. Rd6 exf3 45. gxf3 Nf2+ 46. Ke2 Nxh3
47. Rxd5 f4 48. Nc4 fxe3 49. Kxe3 b5 50. cxb6 Re7+ 51. Re5 Rd7 52. b7 Rd8 53.
Nd6+ Kf6 54. Re8  1-0

[Event "Frauenbundesliga 2017-2018"]
[Site "Feffernitz, Grieskirchen, St. Veit/Glan"]
[Date "2018.01.19"]
[Round "4"]
[Board "4"]
[White "Mattersberger, Melanie"]
[Black "Konecny, Sophie"]
[Result "0-1"]
[WhiteElo "1678"]
[BlackElo "1818"]
[PlyCount "48"]
[EventDate "2017.11.24"]
[EventType "team"]
[EventRounds "9"]
[EventCountry "AUT"]
[WhiteTeam "SC Extraherb WS"]
[BlackTeam "Mayrhofen/SK Zell/Zillertal"]

1. e4 e6 2. d4 d5 3. exd5 exd5 4. Nf3 Nf6 5. Bd3 c5 6. c3 Be7 7. Bf4 Bg4 8.
Qa4+ Nbd7 9. Nbd2 a6 10. Qc2 Rc8 11. h3 Bh5 12. O-O O-O 13. Bf5 Bg6 14. dxc5
Bxc5 15. Rfe1 Qb6 16. Be3 d4 17. Bxd4 Bxd4 18. Nxd4 Qxd4 19. Bxg6 hxg6 20. Rad1
Qb6 21. Nf3 Rfe8 22. Rf1 Ne5 23. Nd4 Nc6 24. b3 Nxd4  0-1

[Event "Frauenbundesliga 2017-2018"]
[Site "Feffernitz, Grieskirchen, St. Veit/Glan"]
[Date "2018.01.19"]
[Round "4"]
[Board "1"]
[White "Unuk, Laura"]
[Black "Stangl, Anita"]
[Result "1-0"]
[WhiteElo "2329"]
[BlackElo "2039"]
[PlyCount "83"]
[EventDate "2017.11.24"]
[EventType "team"]
[EventRounds "9"]
[EventCountry "AUT"]
[WhiteTeam "SK Baden"]
[BlackTeam "Schach ohne Grenzen"]

1. d4 {[%emt 0:00:00]} e6 2. c4 d5 3. Nc3 c6 4. e3 Bd6 5. Bd3 f5 6. g4 Nf6 7.
gxf5 dxc4 8. Bxc4 exf5 9. Nf3 Qe7 10. Ng5 Rf8 11. Qb3 Ng4 12. h4 h6 13. Nf3 b5
14. Bd3 Be6 15. d5 Bg8 16. a3 a6 17. Qc2 f4 18. Rg1 h5 19. Bg6+ Kd8 20. Bxh5
Nf6 21. Bg6 fxe3 22. Bxe3 Nxd5 23. Nxd5 Bxd5 24. Nd4 Bf4 25. Nf5 Qe5 26. O-O-O
Nd7 27. Rd4 Bxe3+ 28. fxe3 Rxf5 29. Qc3 Rf3 30. Re1 Kc7 31. Be4 Nb6 32. Bxf3
Bxf3 33. e4 Re8 34. Rf1 Qf4+ 35. Rd2 Rd8 36. Rxf3 Qh6 37. Kc2 Rxd2+ 38. Qxd2
Qe6 39. Qf4+ Kd8 40. Qf8+ Qe8 41. Rd3+ Nd7 42. Qxg7  1-0

[Event "Frauenbundesliga 2017-2018"]
[Site "Feffernitz, Grieskirchen, St. Veit/Glan"]
[Date "2018.01.19"]
[Round "4"]
[Board "2"]
[White "Ganzera, Andrea"]
[Black "Trippold, Denise"]
[Result "1/2-1/2"]
[WhiteElo "1996"]
[BlackElo "2067"]
[PlyCount "82"]
[EventDate "2017.11.24"]
[EventType "team"]
[EventRounds "9"]
[EventCountry "AUT"]
[WhiteTeam "Schach ohne Grenzen"]
[BlackTeam "SK Baden"]

1. d4 Nf6 2. c4 e6 3. Nf3 b6 4. g3 Ba6 5. Bg2 Bxc4 6. Nc3 c6 7. Ne5 Ba6 8. O-O
Be7 9. Re1 d5 10. e4 O-O 11. Bf4 Bb7 12. exd5 cxd5 13. Rc1 Nbd7 14. Nb5 a6 15.
Nxd7 Qxd7 16. Rc7 Qxb5 17. Rxe7 Bc6 18. Be5 Nd7 19. Qg4 Nxe5 20. Rxe5 Qxb2 21.
R5xe6 Qb1+ 22. Re1 Qxa2 23. Rc7 Bb5 24. Qf5 Qd2 25. Rce7 Qxd4 26. Bxd5 Bc4 27.
Bxa8 Be6 28. Qe4 Qc5 29. Qb7 Rd8 30. Qc7 Qxc7 31. Rxc7 Rxa8 32. Rb7 b5 33. Ra1
Rd8 34. Rb6 g6 35. Rbxa6 Kg7 36. Rb6 Bc4 37. f3 Rd2 38. Rb1 h5 39. R6xb5 Bxb5
40. Rxb5 Kf6 41. h4 Ra2  1/2-1/2

[Event "Frauenbundesliga 2017-2018"]
[Site "Feffernitz, Grieskirchen, St. Veit/Glan"]
[Date "2018.01.19"]
[Round "4"]
[Board "3"]
[White "Kordzadze, Nino"]
[Black "Anker, Christin"]
[Result "1-0"]
[WhiteElo "1935"]
[BlackElo "1809"]
[PlyCount "87"]
[EventDate "2017.11.24"]
[EventType "team"]
[EventRounds "9"]
[EventCountry "AUT"]
[WhiteTeam "SK Baden"]
[BlackTeam "Schach ohne Grenzen"]

1. Nf3 d5 2. g3 Nf6 3. Bg2 c6 4. b3 Bf5 5. Bb2 e6 6. O-O Bd6 7. d3 Nbd7 8. Nbd2
Qc7 9. Re1 Bg4 10. e4 dxe4 11. dxe4 e5 12. Nc4 Bc5 13. c3 Be7 14. Qc2 O-O 15.
Ne3 Bc5 16. b4 Bxe3 17. Rxe3 c5 18. b5 c4 19. Ba3 Rfe8 20. Bb4 Nc5 21. Nd2 Be6
22. Bf1 Ncd7 23. Ree1 Rac8 24. a4 Red8 25. a5 h6 26. b6 axb6 27. axb6 Nxb6 28.
Ba5 Qd6 29. Red1 Qc5 30. Rdb1 Nfd7 31. Qb2 Qd6 32. Nf3 Rc6 33. Rd1 Qc7 34. Rab1
Ra8 35. Rxd7 Qxd7 36. Bxb6 Qd6 37. Be3 Rb8 38. Nxe5 Qxe5 39. Bf4 Qc5 40. Bxb8
Bg4 41. Bg2 Rc8 42. Bf4 Rd8 43. Be3 Qd6 44. Bd4  1-0

[Event "Frauenbundesliga 2017-2018"]
[Site "Feffernitz, Grieskirchen, St. Veit/Glan"]
[Date "2018.01.19"]
[Round "4"]
[Board "4"]
[White "Kimpel, Janine"]
[Black "Stallinger, Vanessa"]
[Result "1/2-1/2"]
[WhiteElo "1872"]
[BlackElo "1789"]
[PlyCount "60"]
[EventDate "2017.11.24"]
[EventType "team"]
[EventRounds "9"]
[EventCountry "AUT"]
[WhiteTeam "Schach ohne Grenzen"]
[BlackTeam "SK Baden"]

1. e4 e5 2. Nf3 Nc6 3. Bc4 Bc5 4. c3 Nf6 5. d4 exd4 6. cxd4 Bb4+ 7. Bd2 Bxd2+
8. Nbxd2 d5 9. exd5 Nxd5 10. Qb3 Nce7 11. O-O O-O 12. Ne5 c6 13. Rac1 Qb6 14.
Qxb6 Nxb6 15. Bb3 a5 16. a3 Nbd5 17. Ne4 f6 18. Nc4 Kh8 19. Ncd6 h6 20. Nxc8
Raxc8 21. g3 Rfd8 22. Nc5 b6 23. Ne6 Rd6 24. Rfe1 Nf5 25. Rcd1 Re8 26. Bxd5
cxd5 27. Nf4 Rxe1+ 28. Rxe1 Nxd4 29. Rd1 Nf3+ 30. Kg2 Ne5  1/2-1/2

[Event "Frauenbundesliga 2017-2018"]
[Site "Feffernitz, Grieskirchen, St. Veit/Glan"]
[Date "2018.01.19"]
[Round "4"]
[Board "1"]
[White "Novkovic, Julia"]
[Black "Exler, Veronika"]
[Result "1/2-1/2"]
[WhiteElo "2151"]
[BlackElo "2194"]
[PlyCount "76"]
[EventDate "2017.11.24"]
[EventType "team"]
[EventRounds "9"]
[EventCountry "AUT"]
[WhiteTeam "SK Dornbirn"]
[BlackTeam "ASVOE Wulkaprodersdorf"]

1. e4 g6 2. d4 Bg7 3. c4 c5 4. d5 d6 5. Nc3 Nf6 6. f3 Na6 7. Bd3 Nc7 8. Nge2
O-O 9. Bg5 a6 10. Qd2 Rb8 11. h4 h5 12. Bh6 b5 13. Bxg7 Kxg7 14. b3 Bd7 15. Nd1
bxc4 16. Bxc4 Bb5 17. Ne3 Na8 18. Ng3 Rh8 19. O-O Nb6 20. f4 Bxc4 21. bxc4 Na4
22. Rab1 Ng4 23. e5 Rb4 24. Nxg4 hxg4 25. Rxb4 cxb4 26. Qxb4 Qb6+ 27. Qxb6 Nxb6
28. exd6 exd6 29. f5 Rc8 30. fxg6 fxg6 31. Ne4 Nxc4 32. Rc1 Nb6 33. Rb1 Nxd5
34. Rb7+ Rc7 35. Rxc7+ Nxc7 36. Nxd6 g5 37. hxg5 Kg6 38. Kf2 Kxg5  1/2-1/2

[Event "Frauenbundesliga 2017-2018"]
[Site "Feffernitz, Grieskirchen, St. Veit/Glan"]
[Date "2018.01.19"]
[Round "4"]
[Board "2"]
[White "Newrkla, Katharina"]
[Black "Kurapova, Olga"]
[Result "1-0"]
[WhiteElo "2175"]
[BlackElo "1964"]
[PlyCount "43"]
[EventDate "2017.11.24"]
[EventType "team"]
[EventRounds "9"]
[EventCountry "AUT"]
[WhiteTeam "ASVOE Wulkaprodersdorf"]
[BlackTeam "SK Dornbirn"]

1. e4 {[%emt 0:00:00]} e5 {[%eval 0,0] [%emt 0:00:00]} 2. Nf3 Nf6 3. Nxe5 d6 4.
Nf3 Nxe4 5. c4 d5 6. Nc3 Nxc3 7. dxc3 Be6 8. Qb3 Nd7 9. cxd5 Nc5 10. Qb5+ c6
11. dxc6 a6 12. c7+ Qd7 13. Qxd7+ Kxd7 14. Bf4 Ne4 15. Bc4 Bd6 16. Bxd6 Nxd6
17. Bxe6+ Kxe6 18. O-O-O Kd7 19. Ne5+ Kxc7 20. Rxd6 f6 21. Rd7+ Kc8 22. Rxg7
 1-0

[Event "Frauenbundesliga 2017-2018"]
[Site "Feffernitz, Grieskirchen, St. Veit/Glan"]
[Date "2018.01.19"]
[Round "4"]
[Board "3"]
[White "Pribozic, Sabrina"]
[Black "Moerwald, Magdalena"]
[Result "0-1"]
[WhiteElo "1520"]
[BlackElo "1798"]
[PlyCount "76"]
[EventDate "2017.11.24"]
[EventType "team"]
[EventRounds "9"]
[EventCountry "AUT"]
[WhiteTeam "SK Dornbirn"]
[BlackTeam "ASVOE Wulkaprodersdorf"]

1. d4 Nf6 2. Nf3 g6 3. Bg5 Bg7 4. e3 d6 5. Be2 Nbd7 6. O-O O-O 7. c4 c5 8. Nc3
b6 9. Rb1 Bb7 10. Re1 Ne4 11. Nxe4 Bxe4 12. Bd3 Bb7 13. b3 Re8 14. Bc2 a6 15.
a4 cxd4 16. exd4 d5 17. Bf4 Rc8 18. Bd3 Nf6 19. Rc1 dxc4 20. Bxc4 e6 21. Bg5
Qd6 22. Ne5 Rcd8 23. Be3 Nd5 24. Qf3 Qe7 25. Qe2 Nxe3 26. Qxe3 Qh4 27. Rcd1
Bxe5 28. dxe5 Rxd1 29. Rxd1 Bxg2 30. Qg3 Qxg3 31. hxg3 Bb7 32. Rd6 b5 33. axb5
axb5 34. Bxb5 Rc8 35. Rd1 Rc5 36. Ba4 Rxe5 37. Rd8+ Kg7 38. Rd1 Rh5  0-1

[Event "Frauenbundesliga 2017-2018"]
[Site "Feffernitz, Grieskirchen, St. Veit/Glan"]
[Date "2018.01.19"]
[Round "4"]
[Board "4"]
[White "Moerwald, Miriam"]
[Black "Baitulaeva, Ayscha"]
[Result "1-0"]
[WhiteElo "1625"]
[BlackElo "900"]
[PlyCount "85"]
[EventDate "2017.11.24"]
[EventType "team"]
[EventRounds "9"]
[EventCountry "AUT"]
[WhiteTeam "ASVOE Wulkaprodersdorf"]
[BlackTeam "SK Dornbirn"]

1. e4 {[%emt 0:00:00]} e5 2. Nf3 Nc6 3. Bb5 Nf6 4. O-O Bc5 5. Qe2 b6 6. c3 a5
7. d3 O-O 8. Bg5 d5 9. Bxc6 Ra7 10. Bxd5 Bg4 11. Nbd2 h6 12. Bh4 Be7 13. Bxf6
Bxf6 14. h3 Bd7 15. Rac1 c6 16. Bb3 Be6 17. Bxe6 fxe6 18. Nc4 b5 19. Ncxe5 Qd6
20. d4 c5 21. Ng6 Rff7 22. e5 Qd5 23. Nf4 Qd7 24. exf6 Rxf6 25. Qe5 Rf5 26.
Qxe6+ Qxe6 27. Nxe6 Ra6 28. Nxc5 Raf6 29. Rfe1 Rf8 30. Re5 R5f7 31. Rd1 b4 32.
cxb4 axb4 33. Rd3 Rf6 34. Nd7 R6f7 35. Nxf8 Rxf8 36. d5 Rc8 37. d6 Rc1+ 38. Re1
Rc8 39. d7 Rd8 40. Re8+ Rxe8 41. dxe8=Q+ Kh7 42. Qe4+ Kh8 43. Rd8#  1-0

[Event "Frauenbundesliga 2017-2018"]
[Site "Feffernitz, Grieskirchen, St. Veit/Glan"]
[Date "2018.01.19"]
[Round "4"]
[Board "1"]
[White "Kejzar, Petra"]
[Black "Rozman, Monika"]
[Result "0-1"]
[WhiteElo "2071"]
[BlackElo "2136"]
[PlyCount "86"]
[EventDate "2017.11.24"]
[EventType "team"]
[EventRounds "9"]
[EventCountry "AUT"]
[WhiteTeam "SV OEkothek St. Veit/Glan"]
[BlackTeam "SV Chesshero Rapid Feffernitz"]

1. e4 c5 2. Nf3 d6 3. c3 Nf6 4. Be2 Nc6 5. d4 cxd4 6. cxd4 Nxe4 7. d5 Qa5+ 8.
Nc3 Nxc3 9. bxc3 Nd8 10. O-O e5 11. dxe6 fxe6 12. Bf4 Qc7 13. Qd3 Be7 14. Ng5
Bxg5 15. Bxg5 O-O 16. Rfd1 Nf7 17. Be3 Bd7 18. Rab1 b6 19. Rb4 Rac8 20. Rh4 g6
21. c4 Qd8 22. Rh3 e5 23. Rg3 Qf6 24. Bf3 Bf5 25. Be4 Bxe4 26. Qxe4 Qe6 27. Rd5
Nd8 28. Bh6 Rf7 29. h4 Nc6 30. h5 Ne7 31. hxg6 hxg6 32. Rdd3 Rxc4 33. Qa8+ Rc8
34. Qb7 Re8 35. Rh3 e4 36. Ra3 Nf5 37. Qc6 Rc8 38. Qb5 Rh7 39. Bf4 Nd4 40. Qb2
Nf3+ 41. Rhxf3 exf3 42. Re3 Qd5 43. Qb3 Rc1+  0-1

[Event "Frauenbundesliga 2017-2018"]
[Site "Feffernitz, Grieskirchen, St. Veit/Glan"]
[Date "2018.01.19"]
[Round "4"]
[Board "2"]
[White "Urh, Zala"]
[Black "Polterauer, Chiara"]
[Result "0-1"]
[WhiteElo "1978"]
[BlackElo "2190"]
[PlyCount "126"]
[EventDate "2017.11.24"]
[EventType "team"]
[EventRounds "9"]
[EventCountry "AUT"]
[WhiteTeam "SV Chesshero Rapid Feffernitz"]
[BlackTeam "SV OEkothek St. Veit/Glan"]

1. d4 d5 2. c4 c6 3. Nf3 Nf6 4. Nc3 e6 5. Bg5 Nbd7 6. e3 Qa5 7. Nd2 dxc4 8.
Bxf6 Nxf6 9. Nxc4 Qc7 10. Be2 Be7 11. O-O O-O 12. Rc1 Rd8 13. Qc2 Bd7 14. Rfd1
Be8 15. Bf3 Rac8 16. Qb3 b5 17. Ne5 Qa5 18. Ne4 Nxe4 19. Bxe4 c5 20. d5 exd5
21. Bxd5 c4 22. Qc2 Qc7 23. Qe4 Bf6 24. f4 a5 25. a4 Bxe5 26. fxe5 bxa4 27. e6
Kh8 28. Rf1 f6 29. e7 Rd6 30. Rf3 Qd7 31. Rh3 f5 32. Qh4 Rh6 33. Qd4 Rxh3 34.
gxh3 Qxe7 35. Rxc4 Rxc4 36. Bxc4 h6 37. Kf2 Kh7 38. Qd5 Qh4+ 39. Ke2 Bh5+ 40.
Kd3 Qf6 41. h4 Kg6 42. Qg2+ Kh7 43. Qd5 Kg6 44. e4 Bf3 45. exf5+ Qxf5+ 46.
Qxf5+ Kxf5 47. Ke3 Bd1 48. h3 Ke5 49. Be2 Bc2 50. Bc4 Bf5 51. Bf1 Be6 52. Bg2
Bd7 53. Bf1 Kd5 54. Kf4 Kd4 55. h5 Kc5 56. Ke5 Kb4 57. Kd6 Bf5 58. Ke7 Kb3 59.
Bb5 Bxh3 60. Kf8 Bg4 61. Be8 Bxh5 62. Bxh5 Kxb2 63. Kxg7 a3  0-1

[Event "Frauenbundesliga 2017-2018"]
[Site "Feffernitz, Grieskirchen, St. Veit/Glan"]
[Date "2018.01.19"]
[Round "4"]
[Board "3"]
[White "Tarmastin, Laura"]
[Black "Zoehrer, Sarah"]
[Result "1-0"]
[WhiteElo "1883"]
[BlackElo "1735"]
[PlyCount "73"]
[EventDate "2017.11.24"]
[EventType "team"]
[EventRounds "9"]
[EventCountry "AUT"]
[WhiteTeam "SV OEkothek St. Veit/Glan"]
[BlackTeam "SV Chesshero Rapid Feffernitz"]

1. e4 e5 2. Nf3 Nc6 3. Bc4 Be7 4. c3 Nf6 5. d3 O-O 6. Bb3 Kh8 7. O-O d5 8. Qe2
Bg4 9. h3 Bxf3 10. Qxf3 d4 11. Nd2 Qd7 12. Rd1 a6 13. Nf1 Na5 14. Bc2 b5 15.
Ng3 Qc6 16. Bd2 Nb7 17. Rac1 Qd7 18. cxd4 exd4 19. Bf4 c5 20. Bb3 Rad8 21. Nf5
a5 22. a3 a4 23. Ba2 Na5 24. Qg3 Nh5 25. Qg4 g6 26. Bh6 Nf6 27. Bg7+ Kg8 28.
Nxe7+ Kxg7 29. Qxd7 Rxd7 30. Nd5 Nb7 31. Rc2 Ne8 32. Nf4 Nc7 33. Rdc1 Kh6 34.
Nd5 {[%emt 0:00:00]} Ne6 35. Nf6 Rd6 36. Bd5 Nc7 37. Ng4+  1-0

[Event "Frauenbundesliga 2017-2018"]
[Site "Feffernitz, Grieskirchen, St. Veit/Glan"]
[Date "2018.01.19"]
[Round "4"]
[Board "4"]
[White "Sommer, Milena"]
[Black "Krassnitzer, Maria"]
[Result "0-1"]
[WhiteElo "1609"]
[BlackElo "1620"]
[PlyCount "60"]
[EventDate "2017.11.24"]
[EventType "team"]
[EventRounds "9"]
[EventCountry "AUT"]
[WhiteTeam "SV Chesshero Rapid Feffernitz"]
[BlackTeam "SV OEkothek St. Veit/Glan"]

1. e4 {[%emt 0:00:00]} d5 2. exd5 Qxd5 3. Nc3 Qa5 4. Nf3 Nf6 5. Bc4 Bf5 6. O-O
Nbd7 7. d4 c6 8. Re1 e6 9. a3 O-O-O 10. Bf4 Nh5 11. Bd2 Qc7 12. Ne5 Bg6 13. Bb3
Bd6 14. Qe2 Nxe5 15. dxe5 Bxe5 16. h3 Bd4 17. Rad1 Ng3 18. Qc4 Bh5 19. Bg5 Bxd1
20. Bxd8 Qf4 21. Nxd1 Rxd8 22. c3 Qd2 23. Rf1 Nxf1 24. Kxf1 Bb6 25. Qg4 Qd3+
26. Qe2 Qf5 27. Ne3 Bxe3 28. Qxe3 Qb1+ 29. Qe1 Qxb2 30. Bd1 Qxa3  0-1

[Event "Frauenbundesliga 2017-2018"]
[Site "Feffernitz, Grieskirchen, St. Veit/Glan"]
[Date "2018.01.19"]
[Round "4"]
[Board "1"]
[White "Repkova, Eva"]
[Black "Richterova, Natasa"]
[Result "1/2-1/2"]
[WhiteElo "2296"]
[BlackElo "2181"]
[PlyCount "83"]
[EventDate "2017.11.24"]
[EventType "team"]
[EventRounds "9"]
[EventCountry "AUT"]
[WhiteTeam "ASVOE Pamhagen"]
[BlackTeam "Spg. Steyr"]

1. e4 e5 2. Bc4 Nf6 3. d3 Bc5 4. Nf3 d6 5. c3 c6 6. Nbd2 O-O 7. O-O d5 8. Bb3
dxe4 9. dxe4 Qc7 10. h3 h6 11. Nh4 a5 12. Qf3 a4 13. Bc2 b5 14. Nf5 Bxf5 15.
Qxf5 Nbd7 16. Re1 g6 17. Qf3 Kg7 18. Nf1 Rfd8 19. Ng3 Nf8 20. Bxh6+ Kxh6 21.
Qxf6 Kh7 22. Rad1 Kg8 23. Qf3 Ne6 24. h4 Qe7 25. b4 axb3 26. Bxb3 Qxh4 27. Nf1
Ng5 28. Qg3 Qxg3 29. Nxg3 Kf8 30. Kf1 Ke7 31. f3 Bb6 32. Rxd8 Rxd8 33. Ke2 Ba5
34. Rc1 Ne6 35. Bxe6 Kxe6 36. Nf1 Bb6 37. c4 Ra8 38. cxb5 Rxa2+ 39. Kd3 Ra3+
40. Ke2 Ra2+ 41. Kd3 Ra3+ 42. Ke2  1/2-1/2

[Event "Frauenbundesliga 2017-2018"]
[Site "Feffernitz, Grieskirchen, St. Veit/Glan"]
[Date "2018.01.19"]
[Round "4"]
[Board "2"]
[White "Bernhard, Julia"]
[Black "Mira, Helene"]
[Result "0-1"]
[WhiteElo "1803"]
[BlackElo "2075"]
[PlyCount "50"]
[EventDate "2017.11.24"]
[EventType "team"]
[EventRounds "9"]
[EventCountry "AUT"]
[WhiteTeam "Spg. Steyr"]
[BlackTeam "ASVOE Pamhagen"]

1. e4 g6 2. d4 c6 3. Nf3 d5 4. exd5 cxd5 5. c3 Nf6 6. Bf4 Bg7 7. Nbd2 O-O 8.
Bd3 Nh5 9. Bg3 Nc6 10. O-O Nxg3 11. fxg3 f6 12. Nh4 Be6 13. Qb3 Na5 14. Qc2 Bf7
15. Ndf3 e5 16. dxe5 fxe5 17. Rad1 Qb6+ 18. Kh1 e4 19. Bxe4 dxe4 20. Qxe4 Qxb2
21. Ng5 Bc4 22. Nxg6 Rxf1+ 23. Rxf1 hxg6 24. Rb1 Qxc3 25. Qxg6 Qd3  0-1

[Event "Frauenbundesliga 2017-2018"]
[Site "Feffernitz, Grieskirchen, St. Veit/Glan"]
[Date "2018.01.19"]
[Round "4"]
[Board "3"]
[White "Horvath, Reka"]
[Black "Molnar, Monika"]
[Result "1-0"]
[WhiteElo "2053"]
[BlackElo "1795"]
[PlyCount "40"]
[EventDate "2017.11.24"]
[EventType "team"]
[EventRounds "9"]
[EventCountry "AUT"]
[WhiteTeam "ASVOE Pamhagen"]
[BlackTeam "Spg. Steyr"]

1. Nf3 Nf6 2. g3 d5 3. Bg2 e6 4. O-O Nbd7 5. d4 Be7 6. c4 O-O 7. b3 b6 8. cxd5
exd5 9. Ba3 Ba6 10. Bxe7 Qxe7 11. Nc3 Rac8 12. Rc1 Rfe8 13. Re1 c6 14. Qd2 Nf8
15. Ne5 Qd6 16. Qb2 N6d7 17. Bh3 f6 18. Nxd7 Nxd7 19. e4 Rc7 20. exd5 cxd5  1-0

[Event "Frauenbundesliga 2017-2018"]
[Site "Feffernitz, Grieskirchen, St. Veit/Glan"]
[Date "2018.01.19"]
[Round "4"]
[Board "4"]
[White "Hackbarth, Christa"]
[Black "Horvath, Maria"]
[Result "0-1"]
[WhiteElo "1818"]
[BlackElo "1980"]
[PlyCount "55"]
[EventDate "2017.11.24"]
[EventType "team"]
[EventRounds "9"]
[EventCountry "AUT"]
[WhiteTeam "Spg. Steyr"]
[BlackTeam "ASVOE Pamhagen"]

1. d4 {[%emt 0:00:00]} Nf6 {[%eval 0,0] [%emt 0:00:00]} 2. Nf3 g6 3. Bf4 Bg7 4.
e3 d6 5. h3 Nbd7 6. c3 O-O 7. Bc4 Qe8 8. O-O e5 9. dxe5 dxe5 10. Bh2 a6 11.
Nbd2 b5 12. Bb3 Bb7 13. Ng5 h6 14. Ngf3 Rd8 15. Qe2 e4 16. Nh4 Nc5 17. Bxc7
Nxb3 18. Bxd8 Nxa1 19. Nxg6 fxg6 20. Bxf6 Rxf6 21. Rxa1 Rd6 22. Nb3 Bd5 23. Nd4
Bc6 24. Qg4 Kh7 25. b3 Bf6 26. h4 h5 27. Qh3 Qd7 28. g3 {Rest nicht lesbar!}
 0-1

[Event "Frauenbundesliga 2017-2018"]
[Site "Feffernitz, Grieskirchen, St. Veit/Glan"]
[Date "2018.01.20"]
[Round "5"]
[Board "1"]
[White "Richterova, Natasa"]
[Black "Fuchs, Judith"]
[Result "0-1"]
[WhiteElo "2181"]
[BlackElo "2286"]
[PlyCount "102"]
[EventDate "2017.11.24"]
[EventType "team"]
[EventRounds "9"]
[EventCountry "AUT"]
[WhiteTeam "Spg. Steyr"]
[BlackTeam "Mayrhofen/SK Zell/Zillertal"]

1. Nf3 {[%emt 0:00:00]} Nf6 2. c4 c5 3. Nc3 d5 4. cxd5 Nxd5 5. g3 Nc6 6. Bg2
Nc7 7. O-O e5 8. b3 Be7 9. Bb2 O-O 10. Rc1 f6 11. d3 Be6 12. Qd2 Qd7 13. Rfd1
Rac8 14. e3 Rfd8 15. Ne4 Na6 16. d4 cxd4 17. exd4 Nxd4 18. Nxd4 exd4 19. Rxc8
Qxc8 20. Bxd4 Bg4 21. Rc1 Qd7 22. Be3 Qxd2 23. Nxd2 b6 24. h3 Bf5 25. g4 Be6
26. Ne4 Ba3 27. Rc6 Rd1+ 28. Kh2 Bd7 29. Rc4 Bb2 30. Bf3 Be5+ 31. Kg2 Ra1 32.
Nc3 b5 33. Bd5+ Kf8 34. f4 bxc4 35. fxe5 cxb3 36. axb3 fxe5 37. Bxa7 Ke8 38.
Bf2 Nb4 39. Be4 Bc6 40. Bxc6+ Nxc6 41. Nd5 Rb1 42. Nc7+ Kf7 43. Na6 Rxb3 44.
Nc5 Ra3 45. Ne4 Nd4 46. Bg3 Ra2+ 47. Kf1 Nf3 48. Nf2 Ke6 49. Kg2 Nd2 50. Kg1
Kd5 51. Nd3 Ra3  0-1

[Event "Frauenbundesliga 2017-2018"]
[Site "Feffernitz, Grieskirchen, St. Veit/Glan"]
[Date "2018.01.20"]
[Round "5"]
[Board "2"]
[White "Schnegg, Anna-Lena"]
[Black "Bernhard, Julia"]
[Result "1-0"]
[WhiteElo "2140"]
[BlackElo "1803"]
[PlyCount "81"]
[EventDate "2017.11.24"]
[EventType "team"]
[EventRounds "9"]
[EventCountry "AUT"]
[WhiteTeam "Mayrhofen/SK Zell/Zillertal"]
[BlackTeam "Spg. Steyr"]

1. c4 Nf6 2. Nc3 g6 3. e4 d6 4. g3 Bg7 5. Bg2 c6 6. Nge2 e5 7. d4 Ng4 8. O-O
O-O 9. h3 exd4 10. Nxd4 Ne5 11. b3 f5 12. f4 Nf7 13. exf5 Bxf5 14. Bb2 Qc8 15.
Nxf5 Qxf5 16. g4 Qa5 17. Qc2 Nd7 18. Ne4 Bxb2 19. Qxb2 d5 20. cxd5 cxd5 21. Ng3
Rad8 22. Rad1 Qb6+ 23. Kh2 Nf6 24. g5 Ne4 25. Bxe4 dxe4 26. Nxe4 Nd6 27. Nf6+
Kf7 28. Nd5 Nc4 29. Qe2 Rfe8 30. Qxc4 Qa5 31. Nc7+ Kf8 32. Rxd8 Rxd8 33. Ne6+
Ke7 34. Nxd8 Qd2+ 35. Kg3 Qe3+ 36. Kg2 Kxd8 37. Rf3 Qd2+ 38. Rf2 Qa5 39. Qd4+
Kc8 40. Rc2+ Kb8 41. Qd6+  1-0